[Event "DEM U10 2021"]
[Site "Willingen GER"]
[Date "2021.08.24"]
[Round "3"]
[White "Glöckler, Christian"]
[Black "Merenda, Lukas-Benedikt"]
[Result "1-0"]
[Termination "normal"]
[Board "3"]
[WhiteElo "1581"]
[BlackElo "1222"]
[WhiteClock "00:48:49"]
[BlackClock "00:21:31"]
[PlyCount "162"]
[WhiteFideId "34608966"]
[BlackFideId "34603336"]
[EventCountry "GER"]
[EventRounds "11"]
[EventType "swiss"]
[EventDate "2021.08.22"]

1. e4 {[%clk 01:15:59]} {[%emt 11:39:16]} e5 {[%clk 01:15:56]} {[%emt
00:00:05]} 2. Nf3 {[%clk 01:16:21]} {[%emt 00:00:07]} Nc6 {[%clk 01:16:21]}
{[%emt 00:00:04]} 3. Bc4 {[%clk 01:16:39]} {[%emt 00:00:11]} Bc5 {[%clk
01:16:47]} {[%emt 00:00:05]} 4. O-O {[%clk 01:16:54]} {[%emt 00:00:15]} Nf6
{[%clk 01:16:55]} {[%emt 00:00:22]} 5. d3 {[%clk 01:17:08]} {[%emt 00:00:16]}
h6 {[%clk 01:16:50]} {[%emt 00:00:35]} 6. c3 {[%clk 01:17:20]} {[%emt
00:00:18]} d6 {[%clk 01:16:47]} {[%emt 00:00:34]} 7. a4 {[%clk 01:17:23]}
{[%emt 00:00:27]} Bg4 {[%clk 01:17:03]} {[%emt 00:00:13]} 8. b4 {[%emt
00:00:30]} Bxb4 {[%clk 01:15:41]} {[%emt 00:01:51]} 9. cxb4 {[%clk 01:17:34]}
{[%emt 00:00:20]} Nd4 {[%clk 01:16:06]} {[%emt 00:00:06]} 10. Kh1 {[%clk
01:17:35]} {[%emt 00:00:29]} c6 {[%clk 01:13:58]} {[%emt 00:02:38]} 11. Be3
{[%clk 01:17:16]} {[%emt 00:00:49]} Nxf3 {[%clk 01:10:56]} {[%emt 00:03:32]}
12. gxf3 {[%clk 01:17:33]} {[%emt 00:00:13]} Bh5 {[%clk 01:11:10]} {[%emt
00:00:17]} 13. Nd2 {[%clk 01:17:21]} {[%emt 00:00:42]} d5 {[%clk 01:11:24]}
{[%emt 00:00:16]} 14. exd5 {[%clk 01:17:10]} {[%emt 00:00:40]} cxd5 {[%clk
01:11:48]} {[%emt 00:00:07]} 15. Bb5+ {[%clk 01:17:23]} {[%emt 00:00:16]} Nd7
{[%clk 01:11:19]} {[%emt 00:01:00]} 16. d4 {[%clk 01:17:36]} {[%emt 00:00:17]}
e4 {[%clk 01:11:37]} {[%emt 00:00:12]} 17. Qb3 {[%clk 01:17:33]} {[%emt
00:00:33]} O-O {[%clk 01:08:40]} {[%emt 00:03:25]} 18. Qxd5 {[%clk 01:17:04]}
{[%emt 00:01:00]} Nf6 {[%clk 01:08:18]} {[%emt 00:00:54]} 19. Qe5 {[%clk
01:16:25]} {[%emt 00:01:09]} a6 {[%clk 01:07:08]} {[%emt 00:01:40]} 20. Bc4
{[%clk 01:15:59]} {[%emt 00:00:56]} exf3 {[%clk 01:03:37]} {[%emt 00:04:01]}
21. Rg1 {[%clk 01:15:37]} {[%emt 00:00:51]} Kh7 {[%clk 00:54:37]} {[%emt
00:09:30]} 22. Qf4 {[%clk 01:15:32]} {[%emt 00:00:36]} Rg8 {[%clk 00:51:38]}
{[%emt 00:03:29]} 23. Bd3+ {[%clk 01:13:43]} {[%emt 00:02:20]} Kh8 {[%clk
00:49:56]} {[%emt 00:02:11]} 24. Ne4 {[%clk 01:12:24]} {[%emt 00:01:50]} Nd5
{[%clk 00:46:05]} {[%emt 00:04:20]} 25. Qg3 {[%clk 01:10:03]} {[%emt 00:02:52]}
Nxb4 {[%clk 00:39:23]} {[%emt 00:07:12]} 26. Bxh6 {[%clk 01:07:06]} {[%emt
00:03:25]} Nxd3 {[%clk 00:36:51]} {[%emt 00:03:04]} 27. Bxg7+ {[%clk 01:04:42]}
{[%emt 00:02:53]} Kh7 {[%clk 00:37:17]} {[%emt 00:00:04]} 28. Qh3 {[%clk
01:04:19]} {[%emt 00:00:54]} Nf4 {[%clk 00:32:52]} {[%emt 00:04:55]} 29. Qf5+
{[%clk 01:03:45]} {[%emt 00:01:04]} Bg6 {[%clk 00:32:45]} {[%emt 00:00:36]} 30.
Qxf4 {[%clk 01:02:47]} {[%emt 00:01:29]} Kxg7 {[%clk 00:32:45]} {[%emt
00:00:31]} 31. Rad1 {[%clk 01:02:14]} {[%emt 00:01:03]} Rh8 {[%clk 00:25:54]}
{[%emt 00:07:20]} 32. Qe5+ {[%clk 00:59:55]} {[%emt 00:02:50]} f6 {[%clk
00:26:00]} {[%emt 00:00:25]} 33. Rxg6+ {[%clk 00:59:48]} {[%emt 00:00:36]} Kxg6
{[%clk 00:25:38]} {[%emt 00:00:53]} 34. Rg1+ {[%clk 01:00:11]} {[%emt
00:00:07]} Kf7 {[%clk 00:24:48]} {[%emt 00:01:20]} 35. Nd6+ {[%clk 01:00:28]}
{[%emt 00:00:13]} Kf8 {[%clk 00:24:59]} {[%emt 00:00:19]} 36. Qe6 {[%clk
01:00:44]} {[%emt 00:00:13]} Qe7 {[%clk 00:25:13]} {[%emt 00:00:16]} 37. Qg4
{[%clk 01:00:03]} {[%emt 00:01:11]} Qh7 {[%clk 00:24:16]} {[%emt 00:01:28]} 38.
Qf4 {[%clk 01:00:03]} {[%emt 00:00:31]} Qh6 {[%clk 00:24:28]} {[%emt 00:00:17]}
39. Qg3 {[%clk 01:00:10]} {[%emt 00:00:24]} Qg5 {[%clk 00:22:14]} {[%emt
00:02:44]} 40. Qxf3 {[%clk 00:59:48]} {[%emt 00:00:53]} Qh6 {[%clk 00:21:21]}
{[%emt 00:01:22]} 41. Qg3 {[%clk 00:59:40]} {[%emt 00:00:57]} Qh7 {[%clk
00:20:26]} {[%emt 00:01:25]} 42. Nf5 {[%clk 00:59:36]} {[%emt 00:00:34]} Rd8
{[%clk 00:18:56]} {[%emt 00:02:01]} 43. Ng7 {[%clk 00:59:29]} {[%emt 00:00:37]}
Rd7 {[%clk 00:17:59]} {[%emt 00:01:28]} 44. Ne6+ {[%clk 00:58:08]} {[%emt
00:01:51]} Kf7 {[%clk 00:18:11]} {[%emt 00:00:17]} 45. Re1 {[%clk 00:57:45]}
{[%emt 00:00:53]} Rg8 {[%clk 00:17:07]} {[%emt 00:01:35]} 46. Qb3 {[%clk
00:57:24]} {[%emt 00:00:51]} Qf5 {[%clk 00:14:18]} {[%emt 00:03:19]} 47. Nd8+
{[%clk 00:54:27]} {[%emt 00:03:28]} Kf8 {[%clk 00:14:09]} {[%emt 00:00:39]} 48.
Qa3+ {[%clk 00:53:55]} {[%emt 00:01:02]} Kg7 {[%clk 00:14:24]} {[%emt
00:00:14]} 49. Re7+ {[%clk 00:52:11]} {[%emt 00:02:14]} Kh6 {[%clk 00:12:48]}
{[%emt 00:02:07]} 50. Qe3+ {[%clk 00:51:58]} {[%emt 00:00:43]} Kh5 {[%clk
00:12:29]} {[%emt 00:00:49]} 51. Qe2+ {[%clk 00:51:12]} {[%emt 00:01:15]} Rg4
{[%clk 00:12:14]} {[%emt 00:00:46]} 52. h3 {[%clk 00:44:54]} {[%emt 00:06:47]}
Qb1+ {[%clk 00:12:38]} {[%emt 00:00:06]} 53. Qe1 {[%clk 00:45:13]} {[%emt
00:00:11]} Qxe1+ {[%clk 00:12:59]} {[%emt 00:00:10]} 54. Rxe1 {[%clk 00:45:33]}
{[%emt 00:00:09]} Rgxd4 {[%clk 00:13:23]} {[%emt 00:00:06]} 55. Ne6 {[%clk
00:44:42]} {[%emt 00:01:21]} Rxa4 {[%clk 00:13:46]} {[%emt 00:00:07]} 56. Nc5
{[%clk 00:44:35]} {[%emt 00:00:37]} Rad4 {[%clk 00:14:07]} {[%emt 00:00:09]}
57. Nxd7 {[%clk 00:44:37]} {[%emt 00:00:28]} Rxd7 {[%clk 00:14:29]} {[%emt
00:00:08]} 58. Re6 {[%clk 00:44:50]} {[%emt 00:00:17]} Kg5 {[%clk 00:14:49]}
{[%emt 00:00:10]} 59. Kg2 {[%clk 00:44:47]} {[%emt 00:00:33]} a5 {[%clk
00:15:09]} {[%emt 00:00:10]} 60. Rb6 {[%clk 00:44:10]} {[%emt 00:01:07]} Rc7
{[%clk 00:14:57]} {[%emt 00:00:43]} 61. Rb5+ {[%clk 00:44:26]} {[%emt
00:01:09]} f5 {[%clk 00:15:42]} {[%emt 00:00:18]} 62. Rxa5 {[%clk 00:45:18]}
{[%emt 00:00:06]} b6 {[%clk 00:15:43]} {[%emt 00:00:28]} 63. Rb5 {[%clk
00:45:38]} {[%emt 00:00:10]} Rb7 {[%clk 00:16:07]} {[%emt 00:00:06]} 64. Kg3
{[%clk 00:45:53]} {[%emt 00:00:15]} Kg6 {[%clk 00:16:31]} {[%emt 00:00:06]} 65.
Kf4 {[%clk 00:46:06]} {[%emt 00:00:18]} Kf6 {[%clk 00:15:47]} {[%emt 00:01:13]}
66. Rxf5+ {[%clk 00:44:25]} {[%emt 00:02:10]} Ke6 {[%clk 00:16:12]} {[%emt
00:00:06]} 67. Rb5 {[%clk 00:44:46]} {[%emt 00:00:09]} Kd6 {[%clk 00:16:32]}
{[%emt 00:00:11]} 68. h4 {[%clk 00:44:51]} {[%emt 00:00:26]} Kc6 {[%clk
00:16:53]} {[%emt 00:00:10]} 69. Rb3 {[%clk 00:45:07]} {[%emt 00:00:13]} b5
{[%clk 00:17:11]} {[%emt 00:00:12]} 70. Kg5 {[%clk 00:45:09]} {[%emt 00:00:28]}
Kc5 {[%clk 00:17:17]} {[%emt 00:00:24]} 71. h5 {[%clk 00:45:21]} {[%emt
00:00:17]} Kc4 {[%clk 00:17:43]} {[%emt 00:00:04]} 72. Rb1 {[%clk 00:45:43]}
{[%emt 00:00:09]} b4 {[%clk 00:18:08]} {[%emt 00:00:05]} 73. f4 {[%clk
00:46:02]} {[%emt 00:00:10]} Kc3 {[%clk 00:18:16]} {[%emt 00:00:23]} 74. h6
{[%clk 00:46:13]} {[%emt 00:00:19]} Kc2 {[%clk 00:18:41]} {[%emt 00:00:04]} 75.
Rh1 {[%clk 00:46:32]} {[%emt 00:00:10]} b3 {[%clk 00:19:03]} {[%emt 00:00:09]}
76. h7 {[%clk 00:46:55]} {[%emt 00:00:07]} Rxh7 {[%clk 00:19:30]} {[%emt
00:00:04]} 77. Rxh7 {[%clk 00:47:16]} {[%emt 00:00:08]} b2 {[%clk 00:19:58]}
{[%emt 00:00:03]} 78. Rh2+ {[%clk 00:47:36]} {[%emt 00:00:10]} Kc3 {[%clk
00:20:23]} {[%emt 00:00:05]} 79. Rxb2 {[%clk 00:47:59]} {[%emt 00:00:07]} Kxb2
{[%clk 00:20:43]} {[%emt 00:00:10]} 80. f5 {[%clk 00:48:23]} {[%emt 00:00:07]}
Kc3 {[%clk 00:21:05]} {[%emt 00:00:07]} 81. f6 {[%clk 00:48:49]} {[%emt
00:00:04]} Kd4 {[%clk 00:21:31]} {[%emt 00:00:05]} 1-0

[Event "DEM U10 2021"]
[Site "Willingen GER"]
[Date "2021.08.24"]
[Round "3"]
[White "Bundan, Edward"]
[Black "Mandalka, Justus"]
[Result "1/2-1/2"]
[Termination "normal"]
[Board "4"]
[WhiteElo "1236"]
[BlackElo "1440"]
[WhiteClock "00:17:10"]
[BlackClock "00:33:31"]
[PlyCount "151"]
[WhiteFideId "34603042"]
[BlackFideId "16298144"]
[EventCountry "GER"]
[EventRounds "11"]
[EventType "swiss"]
[EventDate "2021.08.22"]

1. e4 {[%clk 01:15:57]} {[%emt 00:00:02]} c5 {[%clk 01:15:53]} {[%emt
00:00:08]} 2. Nf3 {[%clk 01:16:12]} {[%emt 00:00:15]} Nc6 {[%clk 01:16:16]}
{[%emt 00:00:09]} 3. d4 {[%clk 01:16:25]} {[%emt 00:00:15]} cxd4 {[%clk
01:16:39]} {[%emt 00:00:08]} 4. Nxd4 {[%clk 01:16:46]} {[%emt 00:00:08]} g6
{[%clk 01:16:57]} {[%emt 00:00:13]} 5. Nc3 {[%clk 01:16:49]} {[%emt 00:00:26]}
Bg7 {[%clk 01:17:17]} {[%emt 00:00:11]} 6. Be3 {[%clk 01:16:59]} {[%emt
00:00:20]} Nf6 {[%clk 01:17:17]} {[%emt 00:00:29]} 7. Bc4 {[%clk 01:16:41]}
{[%emt 00:00:49]} O-O {[%clk 01:17:04]} {[%emt 00:00:42]} 8. Bb3 {[%clk
01:14:39]} {[%emt 00:02:32]} d5 {[%clk 01:15:01]} {[%emt 00:02:34]} 9. Bxd5
{[%clk 01:11:21]} {[%emt 00:03:45]} Ng4 {[%clk 01:12:51]} {[%emt 00:02:41]} 10.
Nxc6 {[%clk 01:09:26]} {[%emt 00:02:24]} bxc6 {[%clk 01:13:13]} {[%emt
00:00:11]} 11. Bxc6 {[%clk 01:09:20]} {[%emt 00:00:35]} Qxd1+ {[%clk 01:13:12]}
{[%emt 00:00:32]} 12. Rxd1 {[%clk 01:09:11]} {[%emt 00:00:38]} Rb8 {[%clk
01:13:13]} {[%emt 00:00:29]} 13. Bc1 {[%clk 00:59:50]} {[%emt 00:09:49]} Ba6
{[%clk 01:09:42]} {[%emt 00:04:03]} 14. h3 {[%clk 00:54:10]} {[%emt 00:06:07]}
Ne5 {[%clk 01:09:07]} {[%emt 00:01:09]} 15. Bd5 {[%clk 00:52:03]} {[%emt
00:02:36]} Nc4 {[%clk 01:07:24]} {[%emt 00:02:13]} 16. Bxc4 {[%clk 00:51:37]}
{[%emt 00:00:56]} Bxc4 {[%clk 01:07:46]} {[%emt 00:00:08]} 17. a3 {[%clk
00:50:00]} {[%emt 00:02:07]} Rb7 {[%clk 01:00:48]} {[%emt 00:07:28]} 18. f3
{[%clk 00:46:49]} {[%emt 00:03:38]} h6 {[%clk 00:57:31]} {[%emt 00:03:51]} 19.
Kf2 {[%clk 00:45:15]} {[%emt 00:02:03]} Rc8 {[%clk 00:55:14]} {[%emt 00:02:48]}
20. Rhe1 {[%clk 00:43:22]} {[%emt 00:02:20]} e5 {[%clk 00:53:25]} {[%emt
00:02:22]} 21. Rd2 {[%clk 00:40:22]} {[%emt 00:03:30]} Bf8 {[%clk 00:52:58]}
{[%emt 00:00:55]} 22. b4 {[%clk 00:35:23]} {[%emt 00:05:30]} a5 {[%clk
00:52:32]} {[%emt 00:00:57]} 23. bxa5 {[%clk 00:33:55]} {[%emt 00:01:58]} g5
{[%clk 00:49:16]} {[%emt 00:03:46]} 24. Nd5 {[%clk 00:32:17]} {[%emt 00:02:07]}
Kg7 {[%clk 00:44:31]} {[%emt 00:05:16]} 25. Ne3 {[%clk 00:30:11]} {[%emt
00:02:35]} Bc5 {[%clk 00:42:41]} {[%emt 00:02:20]} 26. Kg3 {[%clk 00:30:08]}
{[%emt 00:00:31]} Be6 {[%clk 00:42:51]} {[%emt 00:00:23]} 27. Ng4 {[%clk
00:27:30]} {[%emt 00:03:06]} f6 {[%clk 00:42:01]} {[%emt 00:01:22]} 28. Ne3
{[%clk 00:27:05]} {[%emt 00:00:54]} Bd4 {[%clk 00:40:36]} {[%emt 00:01:57]} 29.
Rde2 {[%clk 00:26:40]} {[%emt 00:00:53]} Kg6 {[%clk 00:39:37]} {[%emt
00:01:31]} 30. Kh2 {[%clk 00:25:32]} {[%emt 00:01:38]} h5 {[%clk 00:38:33]}
{[%emt 00:01:35]} 31. Rd1 {[%clk 00:24:34]} {[%emt 00:01:27]} Rb5 {[%clk
00:37:31]} {[%emt 00:01:32]} 32. Bd2 {[%clk 00:24:13]} {[%emt 00:00:50]} Bc4
{[%clk 00:33:11]} {[%emt 00:04:51]} 33. Nxc4 {[%clk 00:24:16]} {[%emt
00:00:28]} Rxc4 {[%clk 00:33:33]} {[%emt 00:00:08]} 34. Bb4 {[%clk 00:24:23]}
{[%emt 00:00:24]} Bc3 {[%clk 00:33:02]} {[%emt 00:01:00]} 35. Rd6 {[%clk
00:23:54]} {[%emt 00:00:59]} Bxb4 {[%clk 00:32:41]} {[%emt 00:00:51]} 36. axb4
{[%clk 00:24:19]} {[%emt 00:00:05]} Rcxb4 {[%clk 00:32:50]} {[%emt 00:00:23]}
37. c3 {[%clk 00:23:48]} {[%emt 00:01:00]} Ra4 {[%clk 00:33:00]} {[%emt
00:00:21]} 38. Rc6 {[%clk 00:22:39]} {[%emt 00:01:38]} Raxa5 {[%clk 00:32:25]}
{[%emt 00:01:05]} 39. Rd2 {[%clk 00:22:17]} {[%emt 00:00:51]} Rc5 {[%clk
00:32:37]} {[%emt 00:00:20]} 40. Rdd6 {[%clk 00:22:17]} {[%emt 00:00:30]} Rxc6
{[%clk 00:33:02]} {[%emt 00:00:04]} 41. Rxc6 {[%clk 00:22:37]} {[%emt
00:00:11]} Ra2 {[%clk 00:33:17]} {[%emt 00:00:15]} 42. c4 {[%clk 00:22:21]}
{[%emt 00:00:45]} Rc2 {[%clk 00:33:03]} {[%emt 00:00:44]} 43. c5 {[%clk
00:22:44]} {[%emt 00:00:06]} h4 {[%clk 00:33:22]} {[%emt 00:00:11]} 44. Rc8
{[%clk 00:22:11]} {[%emt 00:01:03]} Kf7 {[%clk 00:33:24]} {[%emt 00:00:27]} 45.
c6 {[%clk 00:22:12]} {[%emt 00:00:30]} Ke6 {[%clk 00:33:41]} {[%emt 00:00:13]}
46. c7 {[%clk 00:22:18]} {[%emt 00:00:24]} Rc6 {[%clk 00:33:01]} {[%emt
00:01:10]} 47. Kg1 {[%clk 00:20:28]} {[%emt 00:02:20]} Kd7 {[%clk 00:30:13]}
{[%emt 00:03:18]} 48. Rf8 {[%clk 00:19:19]} {[%emt 00:01:39]} Kxc7 {[%clk
00:30:35]} {[%emt 00:00:08]} 49. Rf7+ {[%clk 00:19:36]} {[%emt 00:00:13]} Kb6
{[%clk 00:30:57]} {[%emt 00:00:09]} 50. Kf2 {[%clk 00:19:53]} {[%emt 00:00:11]}
Kb5 {[%clk 00:31:03]} {[%emt 00:00:26]} 51. Rd7 {[%clk 00:19:53]} {[%emt
00:00:30]} Kc4 {[%clk 00:30:03]} {[%emt 00:01:30]} 52. g3 {[%clk 00:19:24]}
{[%emt 00:00:57]} hxg3+ {[%clk 00:29:47]} {[%emt 00:00:48]} 53. Kxg3 {[%clk
00:19:45]} {[%emt 00:00:09]} Ra6 {[%clk 00:29:52]} {[%emt 00:00:26]} 54. Kg4
{[%clk 00:18:12]} {[%emt 00:02:02]} Kc5 {[%clk 00:28:45]} {[%emt 00:01:37]} 55.
Kf5 {[%clk 00:17:49]} {[%emt 00:00:52]} Ra3 {[%clk 00:29:07]} {[%emt 00:00:10]}
56. Kxf6 {[%clk 00:16:34]} {[%emt 00:01:43]} Rxf3+ {[%clk 00:29:31]} {[%emt
00:00:07]} 57. Kxg5 {[%clk 00:16:15]} {[%emt 00:00:50]} Rxh3 {[%clk 00:29:52]}
{[%emt 00:00:07]} 58. Rd5+ {[%clk 00:16:32]} {[%emt 00:00:13]} Kc6 {[%clk
00:30:09]} {[%emt 00:00:15]} 59. Rxe5 {[%clk 00:16:47]} {[%emt 00:00:14]} Kd6
{[%clk 00:30:32]} {[%emt 00:00:07]} 60. Rf5 {[%clk 00:16:09]} {[%emt 00:01:07]}
Ke7 {[%clk 00:30:38]} {[%emt 00:00:24]} 61. Kf4 {[%clk 00:14:44]} {[%emt
00:01:55]} Rh1 {[%emt 00:00:22]} 62. Ke5 {[%emt 00:00:28]} Ra1 {[%clk
00:30:06]} {[%emt 00:00:14]} 63. Rf3 {[%clk 00:14:11]} {[%emt 00:01:02]} Ra5+
{[%clk 00:30:25]} {[%emt 00:00:12]} 64. Kf4 {[%clk 00:14:25]} {[%emt 00:00:15]}
Ra1 {[%clk 00:30:31]} {[%emt 00:00:24]} 65. e5 {[%clk 00:14:36]} {[%emt
00:00:18]} Ke6 {[%clk 00:30:49]} {[%emt 00:00:13]} 66. Re3 {[%clk 00:14:27]}
{[%emt 00:00:38]} Rf1+ {[%clk 00:31:03]} {[%emt 00:00:18]} 67. Ke4 {[%clk
00:14:40]} {[%emt 00:00:16]} Ra1 {[%clk 00:31:21]} {[%emt 00:00:12]} 68. Rd3
{[%clk 00:14:51]} {[%emt 00:00:18]} Ra4+ {[%clk 00:31:29]} {[%emt 00:00:24]}
69. Rd4 {[%clk 00:15:07]} {[%emt 00:00:14]} Rxd4+ {[%clk 00:31:51]} {[%emt
00:00:08]} 70. Kxd4 {[%clk 00:15:32]} {[%emt 00:00:05]} Ke7 {[%clk 00:31:30]}
{[%emt 00:00:51]} 71. Kd5 {[%clk 00:15:54]} {[%emt 00:00:09]} Kd7 {[%clk
00:31:54]} {[%emt 00:00:04]} 72. e6+ {[%clk 00:16:10]} {[%emt 00:00:14]} Ke7
{[%clk 00:32:19]} {[%emt 00:00:06]} 73. Ke5 {[%clk 00:16:35]} {[%emt 00:00:05]}
Ke8 {[%clk 00:32:41]} {[%emt 00:00:08]} 74. Kd6 {[%clk 00:16:51]} {[%emt
00:00:13]} Kd8 {[%clk 00:33:05]} {[%emt 00:00:06]} 75. e7+ {[%clk 00:17:10]}
{[%emt 00:00:11]} Ke8 {[%clk 00:33:31]} {[%emt 00:00:04]} 76. Ke6 {[%emt
00:00:08]} 1/2-1/2

[Event "DEM U10 2021"]
[Site "Willingen GER"]
[Date "2021.08.24"]
[Round "3"]
[White "Buchinger, Alexis"]
[Black "Pflugbeil, Julian"]
[Result "1-0"]
[Termination "normal"]
[Board "5"]
[WhiteElo "1578"]
[BlackElo "1368"]
[WhiteClock "00:19:09"]
[BlackClock "01:01:02"]
[PlyCount "69"]
[WhiteFideId "16287134"]
[BlackFideId "34608850"]
[EventCountry "GER"]
[EventRounds "11"]
[EventType "swiss"]
[EventDate "2021.08.22"]

1. c4 {[%clk 01:15:58]} {[%emt 00:00:02]} Nf6 {[%clk 01:15:33]} {[%emt
00:00:27]} 2. g3 {[%clk 01:16:20]} {[%emt 00:00:07]} g6 {[%clk 01:15:58]}
{[%emt 00:00:05]} 3. Bg2 {[%clk 01:16:41]} {[%emt 00:00:09]} Bg7 {[%clk
01:16:22]} {[%emt 00:00:06]} 4. Nc3 {[%clk 01:17:04]} {[%emt 00:00:08]} O-O
{[%clk 01:16:34]} {[%emt 00:00:16]} 5. d3 {[%clk 01:16:47]} {[%emt 00:00:49]}
c6 {[%clk 01:16:15]} {[%emt 00:00:48]} 6. e4 {[%clk 01:17:02]} {[%emt
00:00:15]} d6 {[%clk 01:16:36]} {[%emt 00:00:09]} 7. Nge2 {[%clk 01:16:47]}
{[%emt 00:00:45]} Be6 {[%clk 01:16:37]} {[%emt 00:00:30]} 8. Nf4 {[%clk
01:15:14]} {[%emt 00:02:03]} Bd7 {[%clk 01:16:17]} {[%emt 00:00:50]} 9. O-O
{[%clk 01:13:04]} {[%emt 00:02:39]} e5 {[%clk 01:15:37]} {[%emt 00:01:11]} 10.
Nfe2 {[%clk 01:13:04]} {[%emt 00:00:28]} Be6 {[%clk 01:15:38]} {[%emt
00:00:29]} 11. f4 {[%clk 01:12:13]} {[%emt 00:01:22]} Qb6+ {[%clk 01:15:30]}
{[%emt 00:00:39]} 12. Kh1 {[%clk 01:11:33]} {[%emt 00:01:08]} Ng4 {[%clk
01:10:19]} {[%emt 00:05:42]} 13. Qe1 {[%clk 01:07:55]} {[%emt 00:04:08]} f5
{[%clk 01:10:37]} {[%emt 00:00:14]} 14. a4 {[%clk 00:56:52]} {[%emt 00:11:33]}
a5 {[%clk 01:10:42]} {[%emt 00:00:22]} 15. Rb1 {[%clk 00:51:44]} {[%emt
00:05:40]} Nd7 {[%clk 01:10:51]} {[%emt 00:00:21]} 16. b3 {[%clk 00:44:21]}
{[%emt 00:07:53]} Nc5 {[%clk 01:11:06]} {[%emt 00:00:16]} 17. Qd1 {[%clk
00:40:29]} {[%emt 00:04:20]} Rf7 {[%clk 01:08:56]} {[%emt 00:02:41]} 18. h3
{[%emt 00:04:43]} Nh6 {[%clk 01:06:23]} {[%emt 00:00:16]} 19. d4 {[%clk
00:34:35]} {[%emt 00:04:58]} exd4 {[%clk 01:05:51]} {[%emt 00:01:02]} 20. Nxd4
{[%clk 00:34:29]} {[%emt 00:00:35]} Bxd4 {[%emt 00:00:25]} 21. Qxd4 {[%clk
00:34:43]} {[%emt 00:00:10]} Nxa4 {[%clk 01:06:24]} {[%emt 00:00:11]} 22. Qd2
{[%clk 00:28:51]} {[%emt 00:06:21]} Nxc3 {[%clk 01:04:59]} {[%emt 00:01:54]}
23. Qxc3 {[%clk 00:29:14]} {[%emt 00:00:08]} fxe4 {[%clk 01:05:05]} {[%emt
00:00:24]} 24. g4 {[%clk 00:22:13]} {[%emt 00:07:31]} g5 {[%clk 01:01:26]}
{[%emt 00:04:08]} 25. f5 {[%clk 00:19:10]} {[%emt 00:03:34]} Bxf5 {[%clk
01:00:45]} {[%emt 00:01:11]} 26. gxf5 {[%clk 00:19:18]} {[%emt 00:00:22]} Nxf5
{[%clk 01:01:06]} {[%emt 00:00:09]} 27. Bb2 {[%clk 00:17:55]} {[%emt 00:01:52]}
Ng3+ {[%clk 01:01:25]} {[%emt 00:00:10]} 28. Qxg3 {[%clk 00:18:11]} {[%emt
00:00:14]} Rxf1+ {[%clk 01:00:06]} {[%emt 00:01:49]} 29. Rxf1 {[%clk 00:18:10]}
{[%emt 00:00:32]} Qc5 {[%clk 01:00:23]} {[%emt 00:00:14]} 30. Bxe4 {[%clk
00:18:22]} {[%emt 00:00:17]} Re8 {[%clk 01:00:33]} {[%emt 00:00:18]} 31. Bxh7+
{[%clk 00:17:30]} {[%emt 00:01:23]} Kxh7 {[%clk 01:00:47]} {[%emt 00:00:16]}
32. Rf7+ {[%clk 00:17:57]} {[%emt 00:00:04]} Kg8 {[%clk 01:01:01]} {[%emt
00:00:16]} 33. Rg7+ {[%clk 00:18:20]} {[%emt 00:00:06]} Kf8 {[%clk 01:00:41]}
{[%emt 00:00:51]} 34. Qf3+ {[%clk 00:18:44]} {[%emt 00:00:06]} Qf5 {[%clk
01:01:02]} {[%emt 00:00:09]} 35. Qxf5# {[%clk 00:19:09]} {[%emt 00:00:05]} 1-0